00702nam a22002057a 45000050016000000100015000160200026000310350013000570370013000700820008000831000029000912450047001202600040001672700064002073000022002716500031002939420022003249990017003469520133003632010081607327.0 aENG-100634 a9788190933346c130.00 aEN-84167 bDBAD/PUB a657 aRajanarayanan, S.913938 aBusiness accounting /cby S. Rajanarayanan aThanjavurbNathi Publicationsc2009 a1271A, Sulthanjiappa Lane, South RampartbThanjavure613001 a160p.c28cm (pbk) aBusiness accounting913939 2ddccENh657mRAJ c42127d42127 001040718NFICaDBADbDBADd2010-08-16eDBAD/PUBg130.00l0o657 RAJpEN-84167r2010-08-16 00:00:00t1v130.00w2010-08-16yEN